| Tag |
First Indicator |
Second Indicator |
Subfields |
| LEADER |
00000cam a2200000 4500 |
| 001 |
in00000388721 |
| 005 |
20151011113637.0 |
| 008 |
751024s1933 nyuab 00010 eng |
| 010 |
|
|
|a 33020968
|
| 035 |
|
|
|a (OCoLC)01731254
|
| 035 |
|
|
|9 ABR9728AM
|
| 040 |
|
|
|a DLC
|c JPL
|d m.c.
|d TXA
|d UtOrBLW
|
| 049 |
|
|
|a TXA1
|c [A14808478115]
|
| 050 |
0 |
0 |
|a E158
|b .D94 1933
|
| 082 |
0 |
|
|a 917.3
|
| 100 |
1 |
|
|a Dunn, Edward D.
|
| 245 |
1 |
0 |
|a Double-crossing America by motor ;
|b routes and ranches of the West /
|c by Edward D. Dunn, with 80 illustrations and maps.
|
| 264 |
|
1 |
|a New York, London :
|b G. P. Putnam's sons,
|c 1933.
|
| 300 |
|
|
|a xi pages, 1 ., 15-251 pages :
|b frontispiece, illustrations (including maps) ;
|c 20 cm.
|
| 336 |
|
|
|a text
|b txt
|2 rdacontent
|
| 337 |
|
|
|a unmediated
|b n
|2 rdamedia
|
| 338 |
|
|
|a volume
|b nc
|2 rdacarrier
|
| 500 |
|
|
|a Illustrated t.-p. and lining-papers.
|
| 500 |
|
|
|a Includes "Suggested reading."
|
| 650 |
|
0 |
|a Automobile travel.
|
| 651 |
|
0 |
|a United States
|v Guidebooks.
|
| 999 |
|
|
|a MARS
|
| 999 |
f |
f |
|s 85e9890b-a5cb-3374-b4c0-cfde71b5f119
|i 6a218d6e-6227-37bf-a75c-680a5acecf45
|t 0
|
| 952 |
f |
f |
|p noncirc
|a Texas A&M University
|b College Station
|c Cushing Memorial Library & Archives
|d Cushing: Dykes (Does not check out)
|t 0
|e E158 .D94 1933
|h Library of Congress classification
|i unmediated -- volume
|m A14851704503
|
| 998 |
f |
f |
|a E158 .D94 1933
|t 0
|l Cushing: Dykes (Does not check out)
|